[Event "Toerneo de Navidad 2008"]
[Site "SchemingMind.com"]
[Date "2009.01.12"]
[Round "-"]
[White "Negrito19"]
[Black "LittleBigHorse"]
[Result "0-1"]
[WhiteCountry "ARG"]
[BlackCountry "IRL"]
[WhiteElo "1594"]
[WhiteRD "68"]
[BlackElo "1732"]
[BlackRD "91"]
[GameID "187355"]

1. e4 e6 2. d4 d5 3. exd5 exd5 4. Nc3 Bb4 5. Bd2 Nf6 6. a3 Bd6 7. Nf3 O-O 8. Bd3 Re8+ 9. Be2 Bg4 10. O-O c6
11. h3 Bxf3 12. Bxf3 Qc7 13. g3 Nbd7 14. Be3 h6 15. Re1 Nb6 16. Kg2 Nc4 17. Qc1 Nxe3+ 18. Rxe3 Rxe3 19. Qxe3 Re8 20. Qd3 Re6
21. b4 a6 22. Na4 Nd7 23. Bg4 Re7 24. Bxd7 Qxd7 25. Nc5 Bxc5 26. bxc5 Qe8 27. Rb1 Qd7 28. c4 Qe6 29. cxd5 Qxd5+ 30. Kh2 Qa2
31. Rf1 Re2 32. Qf3 Rb2 33. h4 Rb3 34. Qf5 g6 35. Qf4 Qxa3 36. Qb8+ Kh7 37. Qf8 Rf3 38. Qd6 Qd3 39. Kg2 Qe4 40. Kg1 Rd3
41. Qe5 Qxd4 42. Qxd4 Rxd4 43. Rb1 Rd7 44. Kg2= Kg7 45. Kh3 h5 46. Rb2 Kf8 47. f3 Ke7 48. Rb3 Kd8 49. g4 hxg4+ 50. fxg4 Kc7
51. Rf3 b6 52. cxb6+ Kxb6 53. Rb3+ Kc5 54. Kg3 a5 55. Kf4 a4 56. Ra3 Kb4 57. Re3 a3 58. Kg5 a2 59. Re1 Kc3 60. h5 gxh5
61. gxh5 Kc2 62. h6 Rd1 63. Re2+ Rd2 64. Re1 Rd1 65. Re2+ Kb1 66. Rxa2 Kxa2 67. Kf6 Rh1 68. Kg7 c5 69. h7 Rxh7+ 70. Kxh7 c4
71. Kg7 c3 72. Kxf7 c2 73. Ke7 c1=Q
0-1

[Event "Toerneo de Navidad 2008"]
[Site "SchemingMind.com"]
[Date "2009.01.11"]
[Round "-"]
[White "AycaguerMarcel"]
[Black "LittleBigHorse"]
[Result "0-1"]
[WhiteCountry "URU"]
[BlackCountry "IRL"]
[WhiteElo "1612"]
[WhiteRD "74"]
[BlackElo "1685"]
[BlackRD "98"]
[GameID "187356"]

1. e4 e5 2. Nf3 Nf6 3. Nxe5 d6 4. Nf3 Nxe4 5. d4 d5 6. Be2 Bd6 7. O-O O-O 8. c4 dxc4 9. Bxc4 Nf6 10. Re1 h6
11. Nc3 Bg4 12. h3 Bh5 13. Nb5 Bb4 14. Re2 Bxf3 15. gxf3 a6 16. Nc3 Qd6 17. Ne4 Qb6 18. d5 Rd8 19. a3 Bf8 20. Be3 c5
21. b4 Nxe4 22. fxe4 Qg6+ 23. Kf1 Qxe4 24. Rc2 Qh1+ 25. Ke2 Qxh3 26. bxc5 Re8 27. Kd2 Nd7 28. Ba2 Rac8 29. d6 Ne5 30. Kc1 Qd7
31. Rb1 Nc6 32. Bd5 g6 33. Qd3 Bg7 34. Bxc6 Rxc6 35. Rc4 b5 36. Re4 Rxe4 37. Qxe4 Qxd6 38. Kc2 Qe6
0-1

[Event "Toerneo de Navidad 2008"]
[Site "SchemingMind.com"]
[Date "2009.01.12"]
[Round "-"]
[White "aadaam"]
[Black "e_castle3"]
[Result "1/2-1/2"]
[WhiteCountry "INT"]
[BlackCountry "PHI"]
[WhiteElo "1710"]
[WhiteRD "50"]
[BlackElo "1725"]
[BlackRD "68"]
[GameID "187411"]

1. d4 b6 2. c4 Bb7 3. Nc3 d6 4. Nf3 Nf6 5. g3 Nbd7 6. Bg2 g6 7. O-O Bg7 8. Qc2 O-O 9. e4 e5 10. d5 Qe7
11. Re1 Rfc8 12. b4 c6 13. Bg5 Qe8 14. Qd2 c5 15. b5 a6 16. a4 a5= 17. Bh3 Rc7 18. Bxd7 Qxd7 19. Bxf6 Bxf6 20. Kg2 Bc8
21. Ng1 h5 22. Nce2 h4 23. h3 Qe7 24. Ra3 Bg5 25. Qd1 f5 26. exf5 Bxf5 27. g4 Bd7 28. Nc3 Rf8 29. Ne4 Bh6 30. Rf3 Rcc8
31. Qd3 Rf4 32. Rxf4 Bxf4 33. Nf3 Rf8 34. Ng1 g5= 35. Ne2 Be8 36. Nxf4 Rxf4 37. f3 Bg6=
1/2-1/2

[Event "Toerneo de Navidad 2008"]
[Site "SchemingMind.com"]
[Date "2009.01.13"]
[Round "-"]
[White "aadaam"]
[Black "LittleBigHorse"]
[Result "1-0"]
[WhiteCountry "INT"]
[BlackCountry "IRL"]
[WhiteElo "1739"]
[WhiteRD "49"]
[BlackElo "1685"]
[BlackRD "98"]
[GameID "187412"]

1. e4 e6 2. d4 d5 3. Nc3 Nf6 4. Bg5 Be7 5. e5 Nfd7 6. Bxe7 Qxe7 7. f4 O-O 8. Nf3 c5 9. Bd3 h6 10. O-O c4
11. Be2 Nc6 12. a3 a6 13. f5 exf5 14. Nxd5 Qd8 15. Bxc4 Nb6 16. Nxb6 Qxb6 17. b4 Rd8 18. c3 Ne7 19. Qe2 Be6 20. Bd3 Nd5
21. c4 Nf4 22. Qe3 Nxd3 23. Qxd3 g6 24. Rf2 a5 25. Rb1 a4 26. d5 Bc8 27. c5 Qa6 28. Qxa6 Rxa6 29. b5 Ra5 30. d6 Bd7
31. Nd4 Rb8 32. Rfb2 Kf8 33. c6 bxc6 34. bxc6 Rxb2 35. Rxb2 Bxc6 36. Rb8+ Kg7 37. Nxc6
1-0

[Event "Toerneo de Navidad 2008"]
[Site "SchemingMind.com"]
[Date "2009.01.12"]
[Round "-"]
[White "aadaam"]
[Black "fouche"]
[Result "1-0"]
[WhiteCountry "INT"]
[BlackCountry "COL"]
[WhiteElo "1753"]
[WhiteRD "46"]
[BlackElo "1525"]
[BlackRD "51"]
[GameID "187413"]

1. d4 d6 2. c4 Nf6 3. Nf3 g6 4. b4 Bg7 5. Bb2 O-O 6. e3 Bg4 7. Be2 Nbd7 8. Nc3 a6 9. O-O e5 10. dxe5 dxe5
11. Nd5 Nxd5 12. Qxd5 c6 13. Qd2 Bxf3 14. Bxf3 Qc7 15. Rfd1 Rad8 16. Qc3 Nb6 17. a4 f5 18. Be2 e4 19. Qxg7+ Qxg7 20. Bxg7 Kxg7
21. a5 Nc8 22. f3 Ne7 23. Kf2 Kf7 24. f4 Ng8 25. h3 Ke7 26. g4 Nf6 27. gxf5 gxf5 28. b5 Rxd1 29. Rxd1 Rd8 30. Rxd8 Kxd8
31. bxa6 bxa6 32. c5 Kc7 33. Bxa6 Nd5 34. Bc4 Nc3 35. Be6 Na4 36. Bxf5 Nxc5 37. Bxh7 Kb7 38. h4 Ne6 39. Bxe4 Ka6 40. Bxc6
1-0

[Event "Toerneo de Navidad 2008"]
[Site "SchemingMind.com"]
[Date "2009.01.12"]
[Round "-"]
[White "aadaam"]
[Black "marble"]
[Result "1-0"]
[WhiteCountry "INT"]
[BlackCountry "ENG"]
[WhiteElo "1753"]
[WhiteRD "46"]
[BlackElo "1889"]
[BlackRD "55"]
[GameID "187414"]

1. e4 c5 2. Nf3 g6 3. c3 d6 4. Bb5+ Nc6 5. d4 cxd4 6. cxd4 a6 7. Ba4 Bd7 8. Nc3 b5 9. Bb3 b4 10. Ne2 Nf6
11. Ng3 Bg7 12. O-O O-O 13. Bg5 Bg4 14. h3 Bxf3 15. gxf3 e5 16. dxe5 Nxe5 17. f4 Nc6 18. Rc1 Na5 19. e5 Nxb3 20. Qxb3 dxe5
21. fxe5 Qd5 22. Bxf6 Qxb3 23. axb3 a5 24. Bxg7 Kxg7 25. f4 Rfd8 26. Rfd1 Re8 27. Ne4 Re6 28. Rc7 h6 29. Rdd7 Rf8 30. Nd6 Kg8
31. Nxf7 g5 32. Nxg5 Rg6 33. Rg7+ Rxg7 34. Rxg7+ Kh8 35. Rh7+ Kg8 36. Rxh6 Rxf4 37. Rg6+ Kh8 38. e6
1-0

[Event "Toerneo de Navidad 2008"]
[Site "SchemingMind.com"]
[Date "2009.01.12"]
[Round "-"]
[White "aadaam"]
[Black "Negrito19"]
[Result "0-1"]
[WhiteCountry "INT"]
[BlackCountry "ARG"]
[WhiteElo "1768"]
[WhiteRD "44"]
[BlackElo "1612"]
[BlackRD "58"]
[GameID "187415"]

1. d4 d5 2. Nf3 Bg4 3. e3 Bxf3 4. Qxf3 Nf6 5. Bd3 e6 6. c4 c5 7. dxc5 Bxc5 8. O-O Nc6 9. a3 Ne5 10. Qe2 O-O
11. b4 dxc4 12. Bxc4 Bd6 13. Bb3 Qc7 14. Bb2 Rad8 15. Rc1 Qb8 16. Nd2 Nd3 17. Rc2 Bxh2+ 18. Kh1 Nxb2 19. Rxb2 Be5 20. Rbb1 Bxa1
21. Rxa1 Qe5 22. Rd1 Rd7 23. Nc4 Rxd1+ 24. Qxd1 Qc7 25. Qf3 Rd8 26. g4 Rd3 27. Bc2 Rc3
0-1

[Event "Toerneo de Navidad 2008"]
[Site "SchemingMind.com"]
[Date "2009.01.12"]
[Round "-"]
[White "aadaam"]
[Black "AycaguerMarcel"]
[Result "1-0"]
[WhiteCountry "INT"]
[BlackCountry "URU"]
[WhiteElo "1768"]
[WhiteRD "44"]
[BlackElo "1643"]
[BlackRD "69"]
[GameID "187416"]

1. e4 e6 2. d4 d5 3. Nc3 dxe4 4. Nxe4 Bd7 5. Bg5 Be7 6. Qd2 Nf6 7. Nxf6+ Bxf6 8. Bxf6 Qxf6 9. O-O-O O-O 10. Bd3 Bc6
11. f3 Nd7 12. Ne2 a5 13. c3 b5 14. Qc2 g6 15. h4 e5 16. d5 Bxd5 17. Bxg6 Bxf3 18. Bxh7+ Kh8 19. gxf3 Nb6 20. Be4 a4
21. Bxa8
1-0

[Event "Toerneo de Navidad 2008"]
[Site "SchemingMind.com"]
[Date "2009.01.12"]
[Round "-"]
[White "e_castle3"]
[Black "aadaam"]
[Result "0-1"]
[WhiteCountry "PHI"]
[BlackCountry "INT"]
[WhiteElo "1751"]
[WhiteRD "68"]
[BlackElo "1739"]
[BlackRD "49"]
[GameID "187417"]

1. e4 e6 2. Nf3 d5 3. exd5 exd5 4. d4 Bd6 5. Be2 Bg4 6. O-O Ne7 7. Nc3 O-O 8. Re1 Nd7 9. h3 Bh5 10. g4 Bg6
11. Bf1 f5 12. Bg5 fxg4 13. hxg4 c6 14. Bg2 h6 15. Bh4 Nf6 16. g5 Ne4 17. gxh6 gxh6 18. Bxe7 Qxe7 19. Nxe4 Bxe4 20. Re3 Bf4
21. Rb3 Rf6 22. a4 Raf8 23. Raa3 Qg7 24. Kf1 Bd6 25. Ra1 Qg4
0-1

[Event "Toerneo de Navidad 2008"]
[Site "SchemingMind.com"]
[Date "2009.01.12"]
[Round "-"]
[White "fouche"]
[Black "aadaam"]
[Result "1-0"]
[WhiteCountry "COL"]
[BlackCountry "INT"]
[WhiteElo "1525"]
[WhiteRD "51"]
[BlackElo "1753"]
[BlackRD "46"]
[GameID "187419"]

1. d4 e6 2. c4 Nf6 3. Nc3 d5 4. Bg5 Be7 5. Nf3 h6 6. Bh4 c6 7. e3 dxc4 8. Bxc4 O-O 9. O-O Nbd7 10. Rc1 Nb6
11. Bd3 Nbd5 12. Re1 Qa5 13. e4 Nxc3 14. bxc3 Qxa2 15. Re2 Qa5 16. c4 g5 17. Bg3 Nh5 18. e5 Nxg3 19. hxg3 b5 20. Nh2 Bd7
21. Ng4 Kg7 22. f4 a6 23. Qc2 h5 24. Nf6 Bxf6 25. exf6+ Kxf6 26. Re5 Rg8 27. f5 Qb6 28. c5 Qc7 29. fxe6 Bxe6 30. Rf1+ Ke7
31. Bf5 Qd7 32. Qe4 Rgd8 33. Rd1 Ra7 34. Bxe6 fxe6 35. Qh7+ Ke8 36. Qg8+ Ke7 37. Qxg5+ Ke8 38. Qg8+ Ke7 39. Qh7+ Ke8 40. Qxh5+ Ke7
41. Qh7+ Ke8 42. Qg6+
1-0

[Event "Toerneo de Navidad 2008"]
[Site "SchemingMind.com"]
[Date "2009.01.12"]
[Round "-"]
[White "marble"]
[Black "aadaam"]
[Result "1/2-1/2"]
[WhiteCountry "ENG"]
[BlackCountry "INT"]
[WhiteElo "1915"]
[WhiteRD "56"]
[BlackElo "1739"]
[BlackRD "49"]
[GameID "187420"]

1. e4 e6 2. d4 d5 3. Nc3 Bb4 4. e5 c5 5. a3 Bxc3+ 6. bxc3 Qa5 7. Bd2 Qa4 8. Qb1 c4 9. Be2 Nc6 10. Nf3 Nge7
11. O-O Na5 12. Qb4 Bd7 13. Bg5 Qxb4 14. cxb4 Nac6 15. b5 Na5 16. Bd2 b6 17. Bxa5 bxa5 18. a4 O-O 19. c3 Rfb8 20. Rfb1 Rb6
21. Bd1 Rab8 22. Bc2 Bc8 23. g3 a6 24. bxa6 Bxa6 25. Rxb6 Rxb6 26. Nd2 Rb2 27. Rc1 Bb7 28. Nb1 Bc6 29. Na3 Nc8 30. Ra1 Nb6
31. Kg2 f6 32. exf6 gxf6 33. Kf3 Kg7 34. Ke3 h6 35. Kd2 Nd7 36. Kc1 Rb8 37. Kd2 e5 38. Nb5 Bxb5 39. axb5 Rxb5 40. Ba4 Rb7
41. Bxd7=
1/2-1/2

[Event "Toerneo de Navidad 2008"]
[Site "SchemingMind.com"]
[Date "2009.01.12"]
[Round "-"]
[White "Negrito19"]
[Black "aadaam"]
[Result "0-1"]
[WhiteCountry "ARG"]
[BlackCountry "INT"]
[WhiteElo "1612"]
[WhiteRD "58"]
[BlackElo "1768"]
[BlackRD "44"]
[GameID "187421"]

1. e4 e6 2. Nf3 d5 3. exd5 exd5 4. d4 Bd6 5. Nc3 c6 6. Bg5 f6 7. Bh4 Ne7 8. h3 O-O 9. Bd3 Bf5 10. O-O Bxd3
11. Qxd3 Qc7 12. Ne2 Nd7 13. a3 Rae8 14. Rae1 g5 15. Bg3 Ng6 16. Bxd6 Qxd6 17. Ng3 Nf4 18. Qd2 h5 19. Nf5 Qb8 20. Re7 Rxe7
21. Nxe7+ Kf7 22. Re1 Re8 23. Qe3 Nf8 24. g3 Nxh3+ 25. Kg2 g4 26. Nh4 Ng5 27. Nhf5 Nfe6 28. f4 Ne4 29. c4 Rxe7 30. cxd5 cxd5
31. Nxe7 Kxe7 32. Rh1 Qc7 33. Rxh5 Qc2+ 34. Kf1 Nxd4 35. Rh7+ Kd6 36. Qxd4 Nxg3+ 37. Kg1 Ne2+ 38. Kf1 Nxd4 39. Rh4 Qe2+ 40. Kg1 Nf3+
41. Kh1 Qf1#
0-1

[Event "Toerneo de Navidad 2008"]
[Site "SchemingMind.com"]
[Date "2009.01.12"]
[Round "-"]
[White "AycaguerMarcel"]
[Black "aadaam"]
[Result "1-0"]
[WhiteCountry "URU"]
[BlackCountry "INT"]
[WhiteElo "1643"]
[WhiteRD "69"]
[BlackElo "1768"]
[BlackRD "44"]
[GameID "187422"]

1. c4 e6 2. d4 d5 3. cxd5 exd5 4. Nf3 c6 5. Bf4 Nf6 6. Nc3 h6 7. Qc2 g5 8. Bg3 Bd6 9. e3 O-O 10. Bd3 Bg4
11. Ne5 Re8 12. h3 Be6 13. O-O-O c5 14. Nb5 c4 15. Be2 Ne4 16. Bh5 Bxe5 17. Bxe5 Qa5 18. Nc3 Nxc3 19. bxc3 Nc6 20. Bf6 b5
21. h4 b4 22. hxg5 bxc3 23. a4 Rab8 24. Bf3 Rb2 25. Qh7+
1-0

[Event "Toerneo de Navidad 2008"]
[Site "SchemingMind.com"]
[Date "2009.01.22"]
[Round "-"]
[White "maaac"]
[Black "e_castle3"]
[Result "1-0"]
[WhiteCountry "AUS"]
[BlackCountry "PHI"]
[WhiteElo "1977"]
[WhiteRD "72"]
[BlackElo "1751"]
[BlackRD "68"]
[GameID "188093"]

1. d4 d5 2. c4 c6 3. Nc3 Nf6 4. Nf3 Bg4 5. cxd5 cxd5 6. Qb3 b6 7. Ne5 e6 8. e4 a6 9. exd5 exd5 10. Nxg4 Nxg4
11. Qxd5 Qxd5 12. Nxd5 Nd7 13. Nc7+
1-0

[Event "Toerneo de Navidad 2008"]
[Site "SchemingMind.com"]
[Date "2009.01.18"]
[Round "-"]
[White "maaac"]
[Black "LittleBigHorse"]
[Result "1-0"]
[WhiteCountry "AUS"]
[BlackCountry "IRL"]
[WhiteElo "1977"]
[WhiteRD "72"]
[BlackElo "1685"]
[BlackRD "98"]
[GameID "188094"]

1. d4 d5 2. c4 c6 3. Nc3 Nf6 4. Nf3 e6 5. Bg5 Nbd7 6. e3 Be7 7. Bd3 O-O 8. O-O dxc4 9. Bxc4 h6 10. Bh4 a6
11. e4 b5 12. Bd3 Bb7 13. e5 Nd5 14. Bxe7 Nxc3 15. Bxd8 Nxd1 16. Be7 Rfe8 17. Ba3 a5 18. Rfxd1 b4 19. Rac1 bxa3 20. bxa3 c5
21. Bb5 Bxf3 22. gxf3 Re7 23. Bxd7 Rxd7 24. dxc5 Rxd1+ 25. Rxd1 Rc8 26. Rc1 Rc6 27. Kf1 Kf8 28. Ke2 Ke7 29. Ke3 f6 30. f4 f5
31. h4 g6 32. Kd4 Rc8 33. c6 Kd8 34. c7+ Kd7 35. Rc5 a4 36. Kc4 Rxc7 37. Rxc7+ Kxc7 38. Kb4
1-0

[Event "Toerneo de Navidad 2008"]
[Site "SchemingMind.com"]
[Date "2009.01.18"]
[Round "-"]
[White "maaac"]
[Black "fouche"]
[Result "1-0"]
[WhiteCountry "AUS"]
[BlackCountry "COL"]
[WhiteElo "1923"]
[WhiteRD "76"]
[BlackElo "1525"]
[BlackRD "51"]
[GameID "188095"]

1. d4 Nf6 2. c4 e6 3. g3 d5 4. Nf3 c6 5. Bg2 Bb4+ 6. Bd2 Bxd2+ 7. Nbxd2 O-O 8. O-O Nbd7 9. Qc2 h6 10. b4 Rb8
11. e4 dxe4 12. Nxe4 Nxe4 13. Qxe4 Nf6 14. Qe5 Bd7 15. a4 Qe7 16. Rab1 b5 17. axb5 cxb5 18. c5 Bc6 19. Ra1 Rb7 20. Ra6 Bd5
21. Rfa1 Ra8 22. h3 Qc7 23. Qe3 Nd7 24. Bf1 Nb8 25. R6a5 Qc6 26. Ne5 Qe8 27. Bd3 Nd7 28. Qe2 Nxe5 29. dxe5 Kf8 30. Bxb5 Qd8
31. c6 Rc7 32. Ra6 Qg5 33. Kh2 Rac8 34. Rxa7 h5 35. Rxc7 Rxc7 36. h4 Qf5 37. Bd3 Qg4 38. Qxg4 hxg4 39. b5 Bxc6 40. bxc6 Rxc6
41. Kg2
1-0

[Event "Toerneo de Navidad 2008"]
[Site "SchemingMind.com"]
[Date "2009.01.18"]
[Round "-"]
[White "maaac"]
[Black "marble"]
[Result "0-1"]
[WhiteCountry "AUS"]
[BlackCountry "ENG"]
[WhiteElo "1923"]
[WhiteRD "76"]
[BlackElo "1889"]
[BlackRD "55"]
[GameID "188096"]

1. d4 Nf6 2. c4 g6 3. Nc3 Bg7 4. e4 d6 5. f4 c5 6. d5 O-O 7. Nf3 e6 8. Be2 exd5 9. cxd5 Nbd7 10. O-O Qe7
11. Qc2 Nb6 12. h3 Bd7 13. Be3 Rfe8 14. Nd2 Nfxd5 15. Nxd5 Nxd5 16. Nc4 Nxe3 17. Nxe3 Qxe4
0-1

[Event "Toerneo de Navidad 2008"]
[Site "SchemingMind.com"]
[Date "2009.01.19"]
[Round "-"]
[White "maaac"]
[Black "Negrito19"]
[Result "1-0"]
[WhiteCountry "AUS"]
[BlackCountry "ARG"]
[WhiteElo "1923"]
[WhiteRD "76"]
[BlackElo "1640"]
[BlackRD "63"]
[GameID "188097"]

1. d4 d5 2. c4 e6 3. Nc3 Bb4 4. Nf3 Bxc3+ 5. bxc3 dxc4 6. e4 Nf6 7. e5 Ne4 8. Qc2 f5 9. exf6 Nxf6 10. Bxc4 a6
11. a4 Nc6 12. Ba3 Nd5 13. O-O Qf6 14. Rfe1 Nf4 15. Re4 b5 16. Bb3 Bb7 17. Qd2 O-O-O 18. Rxf4 Qg6 19. axb5 axb5 20. Qe2 Ba6
21. Qxe6+ Qxe6 22. Bxe6+ Kb7 23. d5 Na7 24. Rf7 g6 25. d6 Kb6 26. Rxc7 Nc6 27. Nd4 Nxd4 28. Bc5#
1-0

[Event "Toerneo de Navidad 2008"]
[Site "SchemingMind.com"]
[Date "2009.01.18"]
[Round "-"]
[White "maaac"]
[Black "aadaam"]
[Result "1/2-1/2"]
[WhiteCountry "AUS"]
[BlackCountry "INT"]
[WhiteElo "1891"]
[WhiteRD "80"]
[BlackElo "1768"]
[BlackRD "44"]
[GameID "188098"]

1. d4 e6 2. c4 Nf6 3. g3 d5 4. Nf3 c5 5. cxd5 exd5 6. Bg2 Nc6 7. O-O c4 8. Nc3 a6 9. Ne5 Bd6 10. Nxc6 bxc6
11. e4 Be7 12. Bg5 Be6 13. Qa4 Qd7 14. Bxf6 Bxf6 15. exd5 cxd5 16. Qxd7+ Kxd7 17. Nxd5 Bxd5 18. Bxd5 Rab8 19. Bxc4 Rxb2 20. Rab1 Rhb8
21. Bb3 Rxb1 22. Rxb1 Ke7 23. d5 Kd6 24. Rc1 Bd4 25. Kf1 f6 26. f4 Rb6 27. Ke2 a5 28. Kd3 Bb2 29. Rc2 Ba3 30. Re2 Kd7
31. Re6 Rxe6= 32. dxe6+ Ke7 33. f5 Bd6 34. Kc4 Bb4 35. Kd5 Be1 36. g4 Bf2 37. a4 Be1 38. Ke4=
1/2-1/2

[Event "Toerneo de Navidad 2008"]
[Site "SchemingMind.com"]
[Date "2009.01.18"]
[Round "-"]
[White "maaac"]
[Black "AycaguerMarcel"]
[Result "1-0"]
[WhiteCountry "AUS"]
[BlackCountry "URU"]
[WhiteElo "1891"]
[WhiteRD "80"]
[BlackElo "1643"]
[BlackRD "69"]
[GameID "188099"]

1. d4 d5 2. c4 c6 3. Nc3 Nf6 4. Nf3 Bf5 5. cxd5 cxd5 6. Qb3 Bc8 7. Bg5 e6 8. e3 a6 9. Bd3 Be7 10. O-O O-O
11. Ne5 h6 12. Bh4 b5 13. a4 b4 14. Bxf6 gxf6 15. Ne2 fxe5 16. dxe5 Nd7 17. f4 Kh8 18. Rac1 Bc5 19. Rf3 Rg8 20. Bb1 a5
21. Rh3 Bf8 22. Nd4 Bg7 23. g4 Bf8 24. Qd3 Rg7 25. Rxh6+ Kg8 26. Rh7 Rxg4+ 27. Kh1 Rh4 28. Rg1+
1-0

[Event "Toerneo de Navidad 2008"]
[Site "SchemingMind.com"]
[Date "2009.01.22"]
[Round "-"]
[White "e_castle3"]
[Black "maaac"]
[Result "0-1"]
[WhiteCountry "PHI"]
[BlackCountry "AUS"]
[WhiteElo "1725"]
[WhiteRD "68"]
[BlackElo "1961"]
[BlackRD "75"]
[GameID "188100"]

1. f4 Nf6 2. Nf3 g6 3. g3 Bg7 4. Bg2 O-O 5. O-O c5 6. Nc3 Nc6 7. e4 d6 8. d3 Rb8 9. Rb1 Nd4 10. Nxd4 cxd4
11. Ne2 Nd7 12. Bd2 b5 13. Be1 Nc5 14. Bf2 e5 15. a3 f5 16. Be1 Bb7 17. Bb4 fxe4 18. Bxc5 dxc5 19. dxe4 Qe7 20. b3 Rbe8
21. Qd3 a6 22. Rbe1 Qc7 23. c4 Qa5 24. cxb5 axb5 25. Rc1 Qxa3 26. Qxb5 Ba6 27. Qxc5 Qxc5 28. Rxc5 Bxe2 29. Rf2 d3
0-1

[Event "Toerneo de Navidad 2008"]
[Site "SchemingMind.com"]
[Date "2009.01.18"]
[Round "-"]
[White "LittleBigHorse"]
[Black "maaac"]
[Result "0-1"]
[WhiteCountry "IRL"]
[BlackCountry "AUS"]
[WhiteElo "1749"]
[WhiteRD "116"]
[BlackElo "1923"]
[BlackRD "76"]
[GameID "188101"]

1. Nf3 Nf6 2. c4 g6 3. g3 Bg7 4. Bg2 O-O 5. O-O c5 6. Nc3 Nc6 7. d4 cxd4 8. Nxd4 Nxd4 9. Qxd4 d6 10. Qd3 Bf5
11. e4 Be6 12. b3 Qa5 13. Bb2 Nd7 14. Na4 Bxb2 15. Nxb2 Rac8 16. Rfc1 Nc5 17. Qd4 Rfd8 18. a3 Nxb3
0-1

[Event "Toerneo de Navidad 2008"]
[Site "SchemingMind.com"]
[Date "2009.01.18"]
[Round "-"]
[White "fouche"]
[Black "maaac"]
[Result "0-1"]
[WhiteCountry "COL"]
[BlackCountry "AUS"]
[WhiteElo "1525"]
[WhiteRD "51"]
[BlackElo "1923"]
[BlackRD "76"]
[GameID "188102"]

1. d4 Nf6 2. c4 e6 3. Nc3 Bb4 4. e3 b6 5. Nf3 Bb7 6. Bd2 O-O 7. Bd3 d6 8. O-O Nbd7 9. a3 Bxc3 10. Bxc3 c5
11. Rc1 Qe7 12. Re1 e5 13. dxe5 dxe5 14. e4 Rad8 15. Qe2 Nh5 16. g3 g6 17. Red1 Ng7 18. Rd2 f6 19. Bb1 Ne6 20. Rcd1 Nd4
21. Bxd4 exd4 22. Bd3 Ne5 23. Nxe5 fxe5 24. Qg4 Bc8 25. h4 Bxg4 26. Re1 Bf3
0-1

[Event "Toerneo de Navidad 2008"]
[Site "SchemingMind.com"]
[Date "2009.01.18"]
[Round "-"]
[White "marble"]
[Black "maaac"]
[Result "0-1"]
[WhiteCountry "ENG"]
[BlackCountry "AUS"]
[WhiteElo "1915"]
[WhiteRD "56"]
[BlackElo "1977"]
[BlackRD "72"]
[GameID "188103"]

1. e4 c5 2. Nf3 d6 3. d4 cxd4 4. Nxd4 Nf6 5. Nc3 a6 6. Bc4 e6 7. O-O Nbd7 8. Be3 Nc5 9. f3 Qc7 10. b4 Ncxe4
11. Nxe4 Qxc4 12. Nxf6+ gxf6 13. a3 Bg7 14. Nb3 d5 15. Na5 Qc7 16. Rc1 b6 17. Nb3 O-O 18. Qd4 b5 19. Rfd1 Bb7 20. Na5 e5
21. Qh4 Kh8 22. Bh6 Rg8 23. Bxg7+ Kxg7 24. Rd3 Qb6+ 25. Kf1 d4 26. f4 Kf8 27. Qh6+ Ke7 28. g3 Be4 29. Rd2 Qe6 30. Re1 f5
31. Qh4+ Qf6 32. Nc6+ Ke6 33. Qxf6+ Kxf6 34. fxe5+ Ke6 35. Rxd4 Bxc6 36. Rd6+ Ke7 37. Rxc6 Rgc8 38. Rxc8 Rxc8 39. Re2 Ke6 40. Kf2 Rc3
41. h3= h5 42. Re3 Rxc2+ 43. Kf3 Rc4 44. Re2 h4 45. gxh4 Rxh4 46. Kg3 Rc4 47. h4 Rc3+ 48. Kg2 f4 49. Kh2 Rxa3 50. h5 Kf5
51. h6 f3 52. Rc2 Rd3 53. Rc7 Kg6 54. Rc6+ Kh7 55. Kg3 Rb3 56. Rxa6 Rxb4 57. Kxf3 Rb1 58. Kg4 b4 59. Kg5 b3 60. Rb6 b2
61. Kf6 Rf1+ 62. Ke7 b1=Q 63. Rxb1 Rxb1 64. Kxf7 Rf1+
0-1

[Event "Toerneo de Navidad 2008"]
[Site "SchemingMind.com"]
[Date "2009.01.19"]
[Round "-"]
[White "Negrito19"]
[Black "maaac"]
[Result "0-1"]
[WhiteCountry "ARG"]
[BlackCountry "AUS"]
[WhiteElo "1630"]
[WhiteRD "61"]
[BlackElo "1977"]
[BlackRD "72"]
[GameID "188104"]

1. e4 c5 2. d4 cxd4 3. Qxd4 Nc6 4. Qd1 g6 5. f4 Bg7 6. e5 Nh6 7. h3 O-O 8. Nf3 d5 9. Bb5 Nf5 10. Nc3 Ng3
11. Rh2 a6 12. Ba4 b5 13. Bb3 e6 14. Ne2 Ne4 15. g3 a5 16. a4 b4 17. c3 Ba6 18. cxb4 Nxb4 19. Ng5 Nd3+ 20. Kf1 Nxg3+
21. Nxg3 Nxb2+ 22. Ke1 Nxd1 23. Bxd1 Qb6 24. Rf2 Rac8 25. Bd2 f6 26. exf6 Bxf6 27. Ra3 Bxg5 28. Be3 Qb4+ 29. Bd2 Qxa3 30. Rf3 Qd6
31. Ne2 Bh4+ 32. Kf1 e5 33. Kg1 e4 34. Rb3 Bxe2 35. Bxe2 Rc2 36. Bxa5 Rxe2 37. Bb4 Qxf4 38. Bxf8 Qc1#
0-1

[Event "Toerneo de Navidad 2008"]
[Site "SchemingMind.com"]
[Date "2009.01.18"]
[Round "-"]
[White "aadaam"]
[Black "maaac"]
[Result "1/2-1/2"]
[WhiteCountry "INT"]
[BlackCountry "AUS"]
[WhiteElo "1753"]
[WhiteRD "46"]
[BlackElo "1923"]
[BlackRD "76"]
[GameID "188105"]

1. d4 Nf6 2. c4 e6 3. Nc3 Bb4 4. a3 Bxc3+ 5. bxc3 b6 6. f3 d6 7. e4 e5 8. Bd3 O-O 9. Ne2 Nbd7 10. O-O c5
11. d5 Nh5 12. Ra2 g6 13. Bh6 Ng7 14. f4 f6 15. Ng3 exf4 16. Bxf4 Ne5 17. Raf2 Bg4 18. Qc2 Qe7 19. h3 Bd7 20. Be2 Rae8
21. Bh6 Bc8 22. h4 Ng4 23. Bxg4 Bxg4 24. Rf4 Bc8 25. Qf2 Ba6 26. Rxf6 Bxc4 27. Rxf8+ Rxf8 28. Qxf8+ Qxf8 29. Rxf8+ Kxf8 30. Bf4 Ke7
31. Kf2 b5 32. Ne2 Bxe2 33. Kxe2 c4 34. g4 Ne8 35. Kf3 Nf6 36. g5 Nd7 37. Ke3 Ne5 38. Bxe5 dxe5 39. Kd2 Kd6 40. Kc2 Kc5
41. Kb2 a5 42. Kc2 a4=
1/2-1/2

[Event "Toerneo de Navidad 2008"]
[Site "SchemingMind.com"]
[Date "2009.01.18"]
[Round "-"]
[White "AycaguerMarcel"]
[Black "maaac"]
[Result "0-1"]
[WhiteCountry "URU"]
[BlackCountry "AUS"]
[WhiteElo "1643"]
[WhiteRD "69"]
[BlackElo "1891"]
[BlackRD "80"]
[GameID "188106"]

1. d4 Nf6 2. c4 e6 3. Nc3 Bb4 4. Qc2 d5 5. Bg5 h6 6. Bxf6 Qxf6 7. O-O-O Qxf2 8. Nb5 Na6 9. a3 Be7 10. cxd5 exd5
11. Nxc7+ Nxc7 12. Qxc7 Bf5
0-1

[Event "Toerneo de Navidad 2008"]
[Site "SchemingMind.com"]
[Date "2009.01.22"]
[Round "-"]
[White "Milan"]
[Black "e_castle3"]
[Result "1-0"]
[WhiteCountry "CZE"]
[BlackCountry "PHI"]
[WhiteElo "1834"]
[WhiteRD "62"]
[BlackElo "1725"]
[BlackRD "68"]
[GameID "188122"]

1. d4 f5 2. e4 fxe4 3. Nc3 Nf6 4. Bg5 d5 5. Bxf6 exf6 6. Qh5+ g6 7. Qxd5 Bf5 8. Qxb7 Nd7 9. Bb5 Bg7 10. Bxd7+ Kxd7
11. Qd5+ Ke8 12. Qxd8+ Rxd8 13. O-O-O g5 14. Nge2 Bg6 15. Rhe1 f5 16. Nb5 Kd7 17. c3 a6 18. Na3 Bf7 19. b3 Kc8 20. Ng3 Bg6
21. f3 exf3 22. gxf3 Rhe8 23. Nc2 h5 24. Rxe8 Rxe8 25. Re1 Rxe1+ 26. Nxe1 h4 27. Nf1 Bf8 28. Kd2 Bd6 29. Nd3 Bh5 30. Ke3 c6
31. f4 g4 32. c4 Kd8 33. c5 Bc7 34. Ne5 Bxe5 35. dxe5 Ke7 36. Kd4 Ke6 37. b4 Be8 38. a3 Bh5 39. Kd3 Kd5 40. Ne3+ Ke6
41. Ke2 g3+ 42. Kf1 Bf3 43. hxg3 hxg3 44. Kg1 Be4 45. Nf1 g2 46. Ne3 Bd5 47. Nxd5
1-0